Mallarmé, el teatro, la tribu. Velada introducida por Jean-Christophe Bailly.
Saved in:
| Main Author: | |
|---|---|
| Other Authors: | , , |
| Format: | Unknown |
| Language: | English |
| Published: |
Ciudad Autónoma de Buenos Aires, Argentina:
Prometeo Libros,
2020.
|
| Edition: | 1a ed. |
| Subjects: | |
| Tags: |
Add Tag
No Tags, Be the first to tag this record!
|
MARC
| LEADER | 00000 a2200000 4500 | ||
|---|---|---|---|
| 003 | CL-VaPUC | ||
| 005 | 20250310105918.0 | ||
| 008 | 220609b2020 ||||| |||| 00| 0 eng d | ||
| 999 | |c 435890 |d 435888 | ||
| 020 | |a 978-987-8331-73-7 | ||
| 040 | |c Pontificia Universidad Católica de Valparaíso | ||
| 082 | |a 194 BAD 2020 | ||
| 100 | |a Badiou, Alain |9 860685 |e autor | ||
| 245 | |a Mallarmé, el teatro, la tribu. |b Velada introducida por Jean-Christophe Bailly. | ||
| 250 | |a 1a ed. | ||
| 260 | |a Ciudad Autónoma de Buenos Aires, Argentina: |b Prometeo Libros, |c 2020. | ||
| 300 | |a 81 páginas. | ||
| 583 | |k Cristina María Rojas Aguilar |c 20220609 | ||
| 650 | 0 | |a Ensayo filosófico |9 719022 | |
| 650 | |a Filosofía de la literatura |9 267374 | ||
| 700 | |a Lacoue-Labarthe, Philippe |e autor |9 870850 | ||
| 700 | |a Rancière, Jacques, |d 1940- |e autor |9 557220 | ||
| 700 | |a Gorrais, Javier Ignacio |e traducción |9 870851 | ||
| 942 | |2 ddc |c BK | ||
| 952 | |0 0 |1 0 |2 ddc |4 0 |6 194_000000000000000_BAD_2020 |7 0 |8 A |9 583762 |a BIBART |b BIBART |d 2022-06-15 |e 135 |g 12600.00 |i 5651887 |o 194 BAD 2020 |p 5651887 |r 2025-03-13 |t 1 |v 12600.00 |w 2022-06-15 |y BK |k ART | ||